Orange Juice - Noah Kahan (All Lyrics) - Statistics

General Stats
  • This quiz has been taken 183 times
    53 since last reset
  • The average score is 287 of 339
Answer Stats
Lyrics % Correct
a
100%
come
100%
for
100%
For
100%
go?
100%
go
100%
I
100%
juice
100%
no
100%
on
100%
on?
100%
one
100%
orange
100%
so
100%
So
100%
The
100%
the
100%
We
100%
we
100%
you
100%
You
100%
And
96%
and
96%
could
96%
in
96%
In
96%
it
96%
It's
96%
just
96%
to
96%
To
96%
want
96%
will
96%
your
96%
children
93%
glad
93%
kitchen
93%
know
93%
long
93%
visit
93%
gone
89%
got
89%
has
89%
home
89%
Honey,
89%
if
89%
over
89%
slower
89%
That
89%
that
89%
there
89%
There's
89%
We're
89%
where
89%
my
86%
Now
86%
now?
86%
party's
86%
yours
86%
as
82%
changed
82%
changed,
82%
didn't
82%
drank
82%
heart
82%
heart,
82%
I'm
82%
I've
82%
like
82%
out
82%
said
82%
sober
82%
ask
79%
been
79%
Bought
79%
But
79%
down,
79%
down?
79%
Not
79%
not
79%
strange
79%
tempt
79%
Are
75%
don't
75%
face
75%
soul
75%
think
75%
time
75%
all
71%
last
71%
me
71%
months
71%
pass
71%
six
71%
Why'd
71%
why'd
71%
Feels
68%
had
68%
haven't
68%
line
68%
made
68%
See
68%
this
68%
up
68%
went
68%
with
68%
you'd
68%
anger
64%
back
64%
carried
64%
dot
64%
find
64%
hold
64%
passed
64%
ready
64%
those
64%
was
64%
world
64%
asked
61%
finger
61%
lawn
61%
put
61%
say,
61%
stranger
61%
third
61%
ahead
57%
crash
57%
filled
57%
From
57%
ground
57%
I'd
57%
life
57%
through
57%
'02
54%
pullin'
54%
graves
50%
nick
50%
our
50%
town
50%
bones
46%
Lord
46%
"Mmm
46%
mmm
46%
mmm"
46%
"Mmm,
46%
mmm,
46%
crows
43%
hmm,
43%
hmm
43%
hmm"
43%
Savior
39%
No matching quizzes found
Score Distribution
Percent of People with Each Score
Percentile by Number Answered
Your Score History
You have not taken this quiz since the last reset